Normal view
MARC view
Entry Personal Name
001 - CONTROL NUMBER
- control field: 16534
003 - CONTROL NUMBER IDENTIFIER
- control field: OSt
005 - DATE AND TIME OF LATEST TRANSACTION
- control field: 20200304170949.0
008 - FIXED-LENGTH DATA ELEMENTS
- fixed length control field: 200304|| aca||aabn | a|a d
040 ## - CATALOGING SOURCE
- Original cataloging agency: OSt
- Transcribing agency: OSt
100 ## - HEADING--PERSONAL NAME
- Personal name: Majumdar, Kamal Bikash
670 ## - SOURCE DATA FOUND
- Source citation: Work cat.: (OSt): Majumdar, Kamal Bikash, Occupational and organisational stress on police: A discussion on recent studies
